Central Library OPAC University of Rajshahi

Librarianship in developing countries / (Record no. 639)

MARC details
000 -LEADER
fixed length control field 00867nam a2200277 a 4500
001 - CONTROL NUMBER
control field 639
003 - CONTROL NUMBER IDENTIFIER
rucl marc code BD-RjUL
005 - DATE AND TIME OF LATEST TRANSACTION
control field 20211208233218.0
008 - FIXED-LENGTH DATA ELEMENTS--GENERAL INFORMATION
fixed length control field 131119s1992 ii b 101 0 eng
020 ## - INTERNATIONAL STANDARD BOOK NUMBER
International Standard Book Number 8170001404
035 ## - SYSTEM CONTROL NUMBER
System control number (BD-RjUL) 657
040 ## - CATALOGING SOURCE
Original cataloging agency DLC
Transcribing agency DLC
Modifying agency DLC
Language of cataloging eng
041 ## - LANGUAGE CODE
Language code of text/sound track or separate title eng
082 00 - DEWEY DECIMAL CLASSIFICATION NUMBER
Classification number 020.954
Edition number 20
Author mark and year NAL 1992
100 1# - MAIN ENTRY--PERSONAL NAME
Personal name Naidu, N. Guruswamy.
9 (RLIN) 1937
245 10 - TITLE STATEMENT
Title Librarianship in developing countries /
Statement of responsibility, etc. N. Guruswamy Naidu.
260 ## - PUBLICATION, DISTRIBUTION, ETC. (IMPRINT)
Place of publication, distribution, etc. New Delhi :
Name of publisher, distributor, etc. Ess Ess Publications,
Date of publication, distribution, etc. 1992.
300 ## - PHYSICAL DESCRIPTION
Pagination xii, 266 p. ;
Size 22 cm.
500 ## - GENERAL NOTE
General note Includes index.
504 ## - BIBLIOGRAPHY, ETC. NOTE
Bibliography, etc Includes bibliographical references.
520 ## - SUMMARY, ETC.
Summary, etc. Seminar papers; with reference to India.
650 #0 - SUBJECT ADDED ENTRY--TOPICAL TERM
Topical term or geographic name as entry element Library science
Geographic subdivision India
General subdivision Congresses
9 (RLIN) 1565
Topical term or geographic name as entry element Library science
Geographic subdivision Developing countries
General subdivision Congresses.
9 (RLIN) 1566
942 ## - ADDED ENTRY ELEMENTS (KOHA)
Source of classification or shelving scheme Dewey Decimal Classification
Koha item type Books
Holdings
Lost status Source of classification or shelving scheme Damaged status Not for loan Collection code Permanent Location Current Location Shelving location Date acquired Source of acquisition Total Checkouts Full call number Date last seen Copy number Koha item type Cost, normal purchase price
  Dewey Decimal Classification     Non-fiction Central Library, University of Rajshahi Central Library, University of Rajshahi   26/06/1977 Paragon ent. ltd.   020.954 NAL 1992 19/11/2013 C-3 Books  
  Dewey Decimal Classification     Non-fiction Central Library, University of Rajshahi Central Library, University of Rajshahi   18/11/2013 Dhaka, Lucky syndicate   020.954 NAL 1992 08/02/2015 C-4 Books 400.00
  Dewey Decimal Classification     Non-fiction Central Library, University of Rajshahi Central Library, University of Rajshahi   05/04/2000 Dhaka, Lucky syndicate   020.954 NAL 1992 08/02/2015 C-5 Books 400.00
  Dewey Decimal Classification     Non-fiction Central Library, University of Rajshahi Central Library, University of Rajshahi   05/04/2000 Dhaka, Lucky syndicate   020.954 NAL 1992 08/02/2015 C-6 Books 400.00
  Dewey Decimal Classification     Non-fiction Central Library, University of Rajshahi Central Library, University of Rajshahi   26/06/1997 Pragon enterprise,Dhaka   020.954 NAL 1992 17/05/2016 C-2 Books 400.00
  Dewey Decimal Classification   Not For Loan Non-fiction Central Library, University of Rajshahi Central Library, University of Rajshahi Reading Room 26/06/1997 Paragon Enterprises Dhaka   020.954 NAL 1992 03/12/2016 C-1 Books 400.00